| 000 | 01271nam a22003137a 4500 | ||
|---|---|---|---|
| 001 | 9873 | ||
| 003 | FISKH | ||
| 005 | 20260310142159.0 | ||
| 008 | 260310b cb ||||| |||| 00| 0 eng d | ||
| 020 | _a090129001996 | ||
| 040 |
_aFISKH _beng _cFISKH _dFISKH |
||
| 050 | _aPZ7 .A9613 | ||
| 082 | _a409 | ||
| 100 | _aAwdry , Rev.W. | ||
| 245 |
_aHenry and the elephant : _bA Thomas the tank engine storybook / _cBased on the railway series by the Rev.W. Awdry : Illustrated by Owain Bell |
||
| 250 | _aFirst Random House Jellybean Books edition , 1999 . | ||
| 260 |
_aNew York : _bRandom House , _c1990 . |
||
| 300 |
_a20 unnumbered pages : _bcolor illustrations ; _c17 X 17 cm. |
||
| 490 |
_aThomas the Tank Engine Book Club _v5 |
||
| 505 | _aE | ||
| 520 | _aThe circus is in town, and all the engines want to help out! James gets the job, and Henry the green engine is very disappointed. But his unhappy mood doesn't last long when he discovers a fun surprise--a playful stray circus elephant stuck in his tunnel! | ||
| 521 | 8 |
_a200
_bLexile estimate |
|
| 521 | 8 |
_aE
_bRaz-Plus |
|
| 650 |
_aTrains _vChildren's Books |
||
| 650 |
_aTiny book _vChildren's Books |
||
| 700 |
_aBell , Owain _eIllustrator |
||
| 942 |
_2ddc _cBK _n0 |
||
| 999 |
_c9873 _d9873 |
||